|
|
|
|
| LEADER |
00000cam a2200000 7i4500 |
| 001 |
0000006476 |
| 002 |
000006988 |
| 005 |
20000330.0 |
| 020 |
|
|
|a 9836226656
|
| 090 |
0 |
0 |
|a F
|b KHA
|
| 100 |
0 |
|
|a Khairuddin Ayip
|
| 245 |
1 |
0 |
|a Puteri cantik di puncak gunung
|c Khairuddin Ayip
|
| 260 |
|
|
|a Kuala Lumpur :
|b DBP ,
|c 1992
|
| 300 |
|
|
|a 183p. ;
|c 18cm.
|
| 490 |
0 |
|
|a Siri cerita klasik
|
| 650 |
0 |
0 |
|a General fiction, Malay
|
| 999 |
|
|
|a 029142
|b BUKU
|c PINJAMAN
|e PERPUSTAKAAN KOMUNITI PETALING JAYA
|
| 999 |
|
|
|a 039817
|b BUKU
|c PINJAMAN
|e PERPUSTAKAAN KOMUNITI PETALING JAYA
|
| 999 |
|
|
|a 039818
|b BUKU
|c PINJAMAN
|e PERPUSTAKAAN KOMUNITI PETALING JAYA
|